MANREGA, panchayati raj evam janjatiya vikas: janjatiya chhetron mein sahbhagita ka swaroop (Record no. 8757)

MARC details
000 -LEADER
fixed length control field 00447nam a2200157Ia 4500
020 ## - INTERNATIONAL STANDARD BOOK NUMBER
ISBN 9788131607916
082 ## - DEWEY DECIMAL CLASSIFICATION NUMBER
Classification number 320.840954 GUP-;
100 ## - MAIN ENTRY--AUTHOR NAME
Personal name Gupta, Madhav Prasad
245 #0 - TITLE STATEMENT
Title MANREGA, panchayati raj evam janjatiya vikas: janjatiya chhetron mein sahbhagita ka swaroop
260 ## - PUBLICATION, DISTRIBUTION, ETC. (IMPRINT)
Place of publication Jaipur
Name of publisher Rawat Publications
Year of publication 2016
300 ## - PHYSICAL DESCRIPTION
Number of Pages x, 236p
650 ## - SUBJECT ADDED ENTRY--TOPICAL TERM
Topical Term MANREGA
650 ## - SUBJECT ADDED ENTRY--TOPICAL TERM
Topical Term PANCHAYAT
650 ## - SUBJECT ADDED ENTRY--TOPICAL TERM
Topical Term TRIBAL DEVELOPMENT - UJJAIN
942 ## - ADDED ENTRY ELEMENTS (KOHA)
Koha item type Books
Holdings
Withdrawn status Lost status Damaged status Not for loan Home library Current library Date acquired Source of acquisition Bill Date Full call number Accession Number Price effective from Koha item type
        NASSDOC Library NASSDOC Library 18/08/2016 Gifted by : PRS Division of ICSSR 2016-03-15 320.840954 GUP-; 49030 18/04/2019 Books